000 00776nam a2200241 a 4500
001 72904
003 BD-RjUL
005 20211209082325.0
008 170525s1958 u ||||| |||| 001 0 eng d
035 _a(BD-RjUL)73122
040 _aBD-RjUL
_beng
_cBD-RjUL
_dBD-RjUL
041 _aeng
082 _223
_a539.7
_bKAN 1958
100 1 _aKaplan, Irving,
_9159146
245 1 0 _aNuclear physics /
_cIrving Kaplan
260 _aEngland :
_bAddison-wesley pub. com.,
_cc1955 [printing 1956 ,1958]
300 _axi, 609 p. :
_bill. ;
_c23 cm
490 _aAddison-Wesley series in nuclear science and engineering.
500 _aIncludes Index
650 _aNuclear physics
_9159147
830 _aAddison-Wesley series in nuclear science and engineering.
_9224929
942 _2ddc
_cBK
999 _c72904
_d72904